| 000 | 01695cam a2200217 a 4500 | ||
|---|---|---|---|
| 999 |
_c2604 _d2604 |
||
| 020 | _a0852551584 (J. Currey) | ||
| 020 | _a0852551576 (pbk. : J. Currey) | ||
| 020 | _a0865436924 (AWP) | ||
| 020 | _a0865436932 (pbk. : AWP) | ||
| 050 | 0 | 0 |
_aHG3374 _b.B76 |
| 100 | 1 | _aBrownbridge, Martin. | |
| 245 | 1 | 0 |
_aBanking in Africa : _bthe impact of financial sector reform since independence / _cMartin Brownbridge & Charles Harvey ; with Augustine Fritz Gockel. |
| 260 |
_aOxford [England] : _bJ. Currey ; _aTrenton, NJ : _bAfrica World Press, _c1998. |
||
| 300 |
_axiii, 242 p. : _bill. ; _c24 cm. |
||
| 500 | _aincludes index | ||
| 505 | _a1. Introduction: Financial Liberalization in Difficult Circumstances / Martin Brownbridge and Charles Harvey -- 2. Banking Policy in Botswana: Orthodox but Untypical / Charles Harvey -- 3. Banking Reform in Ethiopia / Charles Harvey -- 4. The Impact of Financial Sector Policies in Ghana / Martin Brownbridge and Augustine Fritz Gockel -- 5. Government Policies & the Development of Banking in Kenya / Martin Brownbridge -- 6. The Impact of Public Policy on the Banking System in Nigeria / Martin Brownbridge -- 7. Financial Repression & Financial Reform in Uganda / Martin Brownbridge -- 8. Financial Policies & the Banking System in Zambia / Martin Brownbridge -- 9. The Limited Impact of Financial Sector Reforms in Zimbabwe / Charles Harvey -- 10. Banking Development & Financial Sector Reforms in Tanzania, Malawi & the Gambia / Martin Brownbridge -- 11. Conclusions / Martin Brownbridge and Charles Harvey. | ||
| 650 | 0 |
_aBanks and banking _xAfrica, Sub-Saharan. |
|
| 700 | 1 | _aHarvey, Charles, | |
| 700 | 1 | _aGockel, Augustine F. | |
| 942 | _cBK | ||